000 00778nam a22001935i 4500
001 170145
003 ES-MaACL
005 20230906214311.0
008 090205s1980 fr |||| | fre d
080 _a782.1
100 1 _aJanácek, Leôs.
_9138056
245 1 0 _aJenufa
_b: opéra en trois actes /
_cmusique de Leos Janácek (1854-1928) ; texte original du compositeur d'après un récit de Gabrielle Preissova ; version française de Georges-Andre Block.
260 _aParis :
_bGérard Billaudot,
_c[1980]
300 _a49 p. ;
_c18 cm.
650 4 _aÓperas-
_vLibretos.
_9137584
700 1 _aPreissová, Gabriela Jeji Pastorkyna.
_9139359
700 1 _aBlock, Georges-Andre.
_9139360
852 _aES-MaACL
_j2246-F-7
_9R.140995
_z.- Biblioteca Jacinto Martínez Lacalle
999 _c170145
_d170145